| 000 | 01092nam1a2200277 i 4500 | ||
|---|---|---|---|
| 001 | RU\NLR\bibl\982737 | ||
| 005 | 20260405182854.0 | ||
| 035 | _a(NLR Aleph) 000970620 | ||
| 090 |
_a396861 _c396861 |
||
| 100 | _a20060911g20069999u y0rusy50 ca | ||
| 101 | 0 | _arus | |
| 102 | _aRU | ||
| 105 | _a||||z ||||| | ||
| 200 | 1 |
_aЗадачник-практикум по алгебре _eучебное пособие _fС.В. Федорова _gГОУ ВПО "Арзамас. гос. пед. ин-т им. А.П. Гайдара" |
|
| 210 |
_aАрзамас _cАГПИ _d2006 |
||
| 215 | _d20 | ||
| 463 | 0 | _1001971371 | |
| 606 |
_aАлгебра _jУчебные издания для высших учебных заведений _9922117 _3RU\NLR\auth\6619328 |
||
| 686 | _aВ152я73-1 | ||
| 700 | 1 |
_4070 _8rus _7ca _aФедорова _bС. В. _cканд. пед. наук _gСветлана Владимировна _3RU\NLR\auth\7779541 _962469 |
|
| 801 | 0 |
_aRU _bNLR _c20060911 _grcr |
|
| 801 | 1 |
_aRU _bNLR _c20060911 |
|
| 852 |
_aNLR _j2006-3/20644 |
||
| 942 | _cBOOK | ||